000 00597nam a2200193 a 4500
001 000022185
005 20200930011623.0
008 100917s1995 mx 000 |bspa d
020 _a9682981247
040 _aDO-SdBNP
_bspa
_cBNPHU
082 _axxx
_bM953c
100 1 _aMuñiz-Huberman, Angelina
_945903
245 1 0 _aCastillos en la tierra :
_bseudomemorias /
_cAngelina Muñiz-Huberman;.
260 _aMéxico D. F. :
_bEquilibrista :
_bConsejo Nacional para la Cultura y las Artes,
_c1995.
300 _a226 p. ;
_c21 cm.
490 _aHora Actual
834 _aHora Actual
049 _aBNGR
999 _c21683
_d21683